[Event "SR 3. liga A2 2004/2005"]
[Site "?"]
[Date "2004.??.??"]
[Round "?"]
[White "Jurica, Peter"]
[Black "Doucha, Ludvik"]
[Result "1/2-1/2"]
[WhiteElo "2150"]
[BlackElo "2130"]
[Annotator "Vrbove - Trnava B"]
[PlyCount "60"]
[EventDate "2004.??.??"]

{65536kB. Pentium} 1. Nf3 Nf6 2. d4 g6 3. g3 Bg7 4. Bg2 O-O 5. O-O d6 6. Nbd2
Nbd7 7. e4 e5 8. c3 Nh5 9. Re1 a5 10. a4 Nb6 11. Nf1 Bd7 12. b3 Re8 13. Bg5 f6
14. Bc1 Qe7 15. Bb2 Bh6 16. c4 c5 17. dxc5 dxc5 18. Ne3 Bxe3 19. Rxe3 Bc6 20.
Bc3 Nd7 21. Qd2 b6 22. Rd1 Nf8 23. Nh4 Ne6 24. Ree1 Rad8 25. Qh6 Qg7 26. Qe3
Qb7 27. Qe2 Rxd1 28. Rxd1 Nd4 29. Bxd4 exd4 30. Re1 Ng7 1/2-1/2

[Event "SR 3. liga A2 2004/2005"]
[Site "?"]
[Date "2004.??.??"]
[Round "?"]
[White "Puchart, Vladimir"]
[Black "Blazek, Milos"]
[Result "0-1"]
[WhiteElo "2085"]
[BlackElo "2125"]
[Annotator "Vrbove - Trnava B"]
[PlyCount "75"]
[EventDate "2004.??.??"]

{65536kB. Pentium} 1. d4 Nf6 2. c4 g6 3. Nc3 Bg7 4. e4 O-O 5. Bd3 d6 6. Nge2
Nc6 7. O-O e5 8. d5 Nb4 9. f3 Nh5 10. Be3 f5 11. c5 f4 12. Bf2 g5 13. h3 Nf6
14. cxd6 cxd6 15. Rc1 Rf7 16. Nb5 h5 17. Nxd6 Qxd6 18. Bc5 Qd8 19. Bxb4 Bf8 20.
Bxf8 Qxf8 21. Qe1 g4 22. Qh4 Rg7 23. Kh1 Nh7 24. Rc2 Qe8 25. Rfc1 Bd7 26. Rc7
Ng5 27. Ng1 Qg6 28. Qf2 gxh3 29. gxh3 Bxh3 30. Rxg7+ Qxg7 31. Nxh3 Nxh3 32. Qg2
Qg3 33. Qxg3+ fxg3 34. Rc7 Nf2+ 35. Kg2 Nxd3 36. Kxg3 Nxb2 37. Rxb7 Nc4 38. Rc7
{biely time biely} 0-1

[Event "SR 3. liga A2 2004/2005"]
[Site "?"]
[Date "2004.??.??"]
[Round "?"]
[White "Blatnicky, Miroslav"]
[Black "Krist, Milan"]
[Result "1-0"]
[WhiteElo "2010"]
[BlackElo "2000"]
[Annotator "Vrbove - Trnava B"]
[PlyCount "71"]
[EventDate "2004.??.??"]

{65536kB. Pentium} 1. e4 e6 2. d4 d5 3. Nd2 c5 4. exd5 exd5 5. dxc5 Bxc5 6.
Ngf3 Nf6 7. Bd3 Bxf2+ 8. Kxf2 Ng4+ 9. Ke1 O-O 10. Nf1 Re8+ 11. Be2 Nc6 12. h3
Nge5 13. Be3 Bf5 14. Kf2 Nxf3 15. Bxf3 d4 16. Bxc6 Rxe3 17. Nxe3 dxe3+ 18. Ke2
Qh4 19. Qe1 Qc4+ 20. Kxe3 Qxc6 21. Kf2 Re8 22. Qc3 Qb6+ 23. Kf1 Rc8 24. Qe1
Bxc2 25. Qf2 Qg6 26. Kg1 Be4 27. Re1 Rc2 28. Qxc2 f5 29. Rxe4 fxe4 30. Qc8+ Kf7
31. Qxb7+ Ke8 32. Qb8+ Ke7 33. Qxa7+ Ke8 34. Qe3 Qf5 35. Kh2 Qe5+ 36. Qg3 1-0

[Event "SR 3. liga A2 2004/2005"]
[Site "?"]
[Date "2004.??.??"]
[Round "?"]
[White "Puskas, Miroslav"]
[Black "Krchnak, Rudolf"]
[Result "1-0"]
[WhiteElo "2100"]
[BlackElo "1790"]
[Annotator "Vrbove - Trnava B"]
[PlyCount "83"]
[EventDate "2004.??.??"]

{65536kB. Pentium} 1. e4 c5 2. Nf3 d6 3. d4 cxd4 4. Nxd4 Nf6 5. Nc3 a6 6. Be2
e5 7. Nb3 Be6 8. O-O Qc7 9. Be3 Nbd7 10. Qd2 b5 11. f3 Nb6 12. Bd3 Nc4 13. Bxc4
Bxc4 14. Rfd1 Be7 15. Qf2 O-O 16. g4 Rac8 17. Rd2 Nd7 18. Rad1 g5 19. Kg2 h6
20. h4 Kg7 21. hxg5 hxg5 22. Nc1 Rh8 23. N1e2 Rh7 24. Ng3 Rch8 25. Rh1 Rxh1 26.
Nxh1 f6 27. Ng3 Kf7 28. Nf5 Bf8 29. Nd5 Bxd5 30. Rxd5 Ke6 31. Qd2 Nb8 32. Rc5
Qh7 33. Qd5+ Kd7 34. Qb7+ Ke6 35. Qxh7 Rxh7 36. Rc8 Nd7 37. Ra8 Be7 38. Rxa6
Rh8 39. c3 Rd8 40. Ra7 Kf7 41. Rb7 Bf8 42. Bb6 1-0

[Event "SR 3. liga A2 2004/2005"]
[Site "?"]
[Date "2004.??.??"]
[Round "?"]
[White "Feranec, Milan"]
[Black "Mosny, Jaroslav"]
[Result "0-1"]
[WhiteElo "1965"]
[BlackElo "2045"]
[Annotator "Vrbove - Trnava B"]
[PlyCount "106"]
[EventDate "2004.??.??"]

{65536kB. Pentium} 1. c4 Nf6 2. Nc3 c5 3. Nf3 e6 4. g3 b6 5. Bg2 Bb7 6. d3 Be7
7. O-O O-O 8. b3 d6 9. Bb2 Nc6 10. e3 a6 11. a3 Qc7 12. Rc1 Rac8 13. Re1 Qb8
14. Ne2 d5 15. Nf4 Rcd8 16. Qc2 h6 17. Rb1 Rd7 18. cxd5 Nxd5 19. Nxd5 exd5 20.
Bh3 Rdd8 21. d4 Bc8 22. Bxc8 Qxc8 23. dxc5 bxc5 24. Ba1 Qg4 25. Ne5 Nxe5 26.
Bxe5 Qe4 27. Qb2 f6 28. Bc7 Rd7 29. Ba5 h5 30. Qe2 h4 31. f3 Qg6 32. g4 f5 33.
h3 fxg4 34. hxg4 h3 35. Kh1 Bh4 36. Rf1 Re8 37. Bd2 Qe6 38. Qd3 Qe5 39. f4 Qe4+
40. Qxe4 dxe4 41. Be1 Bxe1 42. Rfxe1 Rd3 43. Kh2 Rb8 44. b4 Rxa3 45. Kxh3 cxb4
46. f5 a5 47. Kg3 a4 48. Ra1 Rxa1 49. Rxa1 b3 50. Kf4 b2 51. Rb1 a3 52. Kxe4 a2
53. Rd1 b1=Q+ 0-1

[Event "SR 3. liga A2 2004/2005"]
[Site "?"]
[Date "2004.??.??"]
[Round "?"]
[White "Vyboch, Jozef"]
[Black "Smrek, Peter"]
[Result "1-0"]
[WhiteElo "1980"]
[BlackElo "1700"]
[Annotator "Vrbove - Trnava B"]
[PlyCount "37"]
[EventDate "2004.??.??"]

{65536kB. Pentium} 1. e4 e5 2. Nf3 Nf6 3. d4 Nxe4 4. Bd3 d5 5. Nxe5 Bd6 6. O-O
O-O 7. c4 Be6 8. Be3 c6 9. f3 Nf6 10. Nc3 Nbd7 11. f4 Bxe5 12. fxe5 Ne4 13.
Bxe4 dxe4 14. d5 cxd5 15. cxd5 Nxe5 16. dxe6 Nc4 17. Qxd8 Rfxd8 18. exf7+ Kh8
19. Bc5 1-0

[Event "SR 3. liga A2 2004/2005"]
[Site "?"]
[Date "2004.??.??"]
[Round "?"]
[White "Lajda, Dusan"]
[Black "Hagara, Vladimir"]
[Result "0-1"]
[WhiteElo "1750"]
[BlackElo "1980"]
[Annotator "Vrbove - Trnava B"]
[PlyCount "64"]
[EventDate "2004.??.??"]

{65536kB. Pentium} 1. e4 e6 2. d4 d5 3. Nc3 dxe4 4. Nxe4 Bd7 5. Bd3 Bc6 6. Nf3
Nd7 7. O-O Ngf6 8. Nxf6+ Nxf6 9. c3 Be7 10. Ne5 Be4 11. Bxe4 Nxe4 12. Qf3 Nd6
13. c4 O-O 14. Qg4 c6 15. c5 Nf5 16. Be3 Qd5 17. Nf3 Rad8 18. Qf4 Bf6 19. Rfd1
Rfe8 20. g4 Nxe3 21. fxe3 Be7 22. e4 g5 23. Qe3 Qd7 24. Nxg5 e5 25. h3 exd4 26.
Qc1 d3 27. Nf3 Qe6 28. Qe3 Bf8 29. Nd2 $11 Qe5 30. b4 Bg7 31. Rab1 Qe6 32. Rb3
Bd4 0-1

[Event "SR 3. liga A2 2004/2005"]
[Site "?"]
[Date "2004.??.??"]
[Round "?"]
[White "Stetina, Erik"]
[Black "Meszaros, Lorant"]
[Result "1-0"]
[WhiteElo "1835"]
[BlackElo "2080"]
[Annotator "Trnava C - Orech. Potoo"]
[PlyCount "47"]
[EventDate "2004.??.??"]

{65536kB. Pentium} 1. e4 e5 2. Bc4 Nc6 3. Nf3 Bc5 4. c3 Qe7 5. O-O d6 6. d4 Bb6
7. h3 h6 8. Be3 Nf6 9. Nbd2 O-O 10. Re1 Nh7 11. a4 exd4 12. Bxd4 Nxd4 13. cxd4
c5 14. d5 Ba5 15. Re2 Ng5 16. Ra3 Qf6 17. e5 dxe5 18. Nxe5 Bxd2 19. Qxd2 Re8
20. Rae3 Rd8 21. h4 Ne6 22. Nxf7 Qxf7 23. dxe6 Qe7 24. Qxd8+ 1-0

[Event "SR 3. liga A2 2004/2005"]
[Site "?"]
[Date "2004.??.??"]
[Round "?"]
[White "Szekely, Stefan"]
[Black "Halas, Miroslav"]
[Result "0-1"]
[WhiteElo "2060"]
[BlackElo "1830"]
[Annotator "Trnava C - Orech. Potoo"]
[PlyCount "146"]
[EventDate "2004.??.??"]

{65536kB. Pentium} 1. c4 d6 2. Nc3 Nf6 3. Nf3 g6 4. d4 Bg7 5. Bg5 c6 6. Qd2 O-O
7. e4 Re8 8. Be2 Bg4 9. h3 Bxf3 10. Bxf3 Nbd7 11. O-O Qa5 12. Rab1 e5 13. b4
Qc7 14. d5 a6 15. Rfc1 c5 16. b5 Nb6 17. Be2 Reb8 18. Rc2 a5 19. Rf1 a4 20. a3
Re8 21. Qe3 Nfd7 22. g4 f6 23. Bh4 Rf8 24. Bd3 Rae8 25. f3 Rf7 26. Rg2 g5 $11
27. Bg3 Nf8 28. Qe2 Ng6 29. Qc2 Ra8 30. Nd1 Nd7 31. Ne3 Ne7 32. Be2 Nb6 33. Kf2
h6 34. Rh2 Bf8 35. Rfh1 Kg7 36. h4 Kg6 37. Qc1 Rh7 38. Nf5 Nxf5 39. exf5+ Kf7
40. Bd3 Rh8 41. hxg5 fxg5 42. Qc2 Kf6 43. Kg2 Bg7 44. Be1 Nd7 45. Bc3 Kf7 46.
Be4 Nf6 47. Kg3 Rh7 48. Qd2 b6 49. Bc2 Qe7 50. Re2 Rah8 51. Reh2 $11 h5 52. Bd1
hxg4 53. Rxh7 Rxh7 54. Rxh7 Nxh7 55. fxg4 Nf6 56. Bc2 Nd7 57. Qh2 e4 58. Bxg7
Kxg7 59. Qh5 Qe5+ 60. Kg2 Qf6 61. Qg6+ Qxg6 62. fxg6 Ne5 63. Kf2 Nxg4+ 64. Ke2
Kxg6 65. Bxa4 Kf6 66. Bc2 Ne5 67. Bxe4 Nxc4 68. a4 Ke5 69. Bb1 Kxd5 70. Kd3
Ne5+ 71. Ke3 Kc4 72. Be4 Kb3 73. a5 Nc4+ 0-1

[Event "SR 3. liga A2 2004/2005"]
[Site "?"]
[Date "2004.??.??"]
[Round "?"]
[White "Uvacek, Radovan"]
[Black "Both, Lajos"]
[Result "1-0"]
[WhiteElo "1735"]
[BlackElo "1995"]
[Annotator "Trnava C - Orech. Potoo"]
[PlyCount "99"]
[EventDate "2004.??.??"]

{65536kB. Pentium} 1. e4 e5 2. Nf3 Nc6 3. Bc4 Be7 4. Nc3 Nf6 5. O-O O-O 6. d3
d6 7. h3 Na5 8. Nd5 Nxc4 9. Nxf6+ Bxf6 10. dxc4 b6 11. b3 a5 12. Be3 Be6 13.
Qd2 h6 14. Rad1 a4 15. Ra1 g5 16. Nh2 axb3 17. cxb3 Kh7 18. g4 Ra3 19. Rfb1 Qa8
20. f3 Qa7 21. Qc2 Ra8 22. Rb2 Qa6 23. Nf1 c5 24. Nd2 Qc8 25. Nb1 R3a6 26. Nc3
Qd7 27. Nb5 Be7 28. Rd1 Qc6 29. Rd3 f6 30. a4 Kg7 31. Qd1 Rd8 32. Rbd2 Qc8 33.
Nxd6 Bxd6 34. Rxd6 Rxd6 35. Rxd6 Kf7 36. Rd8 Qc7 37. Qd6 Qxd6 38. Rxd6 Ke7 39.
Bxc5 Kf7 40. Rxb6 Rxb6 41. Bxb6 Ke8 42. a5 Kd7 43. Kf2 Bf7 44. Ke3 h5 45. Kd3
hxg4 46. hxg4 Be6 47. b4 Kc8 48. a6 Bd7 49. b5 Be6 50. Bd8 1-0

[Event "SR 3. liga A2 2004/2005"]
[Site "?"]
[Date "2004.??.??"]
[Round "?"]
[White "Varga, Alexander"]
[Black "Jancik, Ondrej"]
[Result "1/2-1/2"]
[WhiteElo "1850"]
[BlackElo "1720"]
[Annotator "Trnava C - Orech. Potoo"]
[PlyCount "45"]
[EventDate "2004.??.??"]

{65536kB. Pentium} 1. d4 Nf6 2. c4 g6 3. e3 Bg7 4. Bd3 d5 5. Nc3 O-O 6. Nf3 e6
7. O-O Nbd7 8. b3 c5 9. Bb2 a6 10. cxd5 exd5 11. Na4 Ne4 12. Ba3 Re8 13. Rc1
Bf8 14. Bb1 cxd4 15. Bxf8 Nxf8 16. Qxd4 Bf5 17. Nb6 Ne6 18. Qb4 a5 19. Qb5 Nc7
20. Rxc7 Qxc7 21. Nxa8 Rxa8 22. Bxe4 dxe4 23. Nd4 1/2-1/2

[Event "SR 3. liga A2 2004/2005"]
[Site "?"]
[Date "2004.??.??"]
[Round "?"]
[White "Szitasi, Janos"]
[Black "Hrusovsky, Frantisek"]
[Result "1/2-1/2"]
[WhiteElo "2005"]
[BlackElo "1620"]
[Annotator "Trnava C - Orech. Potoo"]
[PlyCount "68"]
[EventDate "2004.??.??"]

{65536kB. Pentium} 1. e4 e5 2. Nf3 d6 3. d4 exd4 4. Nxd4 Nf6 5. Nc3 Be7 6. Be2
Bd7 7. O-O O-O 8. Re1 Nc6 9. Be3 a6 10. Qd2 Ne5 11. h3 c5 12. Nf3 Bc6 13. Nxe5
dxe5 14. Bf3 Qxd2 15. Bxd2 Rad8 16. Rad1 Rd7 17. Bg5 Rfd8 18. Bg4 Rxd1 19. Rxd1
Rxd1+ 20. Bxd1 Kf8 21. f3 Ne8 22. Be3 Nc7 23. Ne2 Ne6 24. c3 Bg5 25. Kf2 Bxe3+
26. Kxe3 Bb5 27. a4 Bxe2 28. Bxe2 Ke7 29. b4 cxb4 30. cxb4 Nd4 31. Bd3 Kd6 32.
Kd2 Kc6 33. Kc3 b5 34. axb5+ axb5 1/2-1/2

[Event "SR 3. liga A2 2004/2005"]
[Site "?"]
[Date "2004.??.??"]
[Round "?"]
[White "Klanica, Anton"]
[Black "Both, Gabriela"]
[Result "1-0"]
[WhiteElo "1700"]
[BlackElo "1750"]
[Annotator "Trnava C - Orech. Potoo"]
[PlyCount "127"]
[EventDate "2004.??.??"]

{65536kB. Pentium} 1. e4 e6 2. d4 d5 3. exd5 exd5 4. Nf3 Bd6 5. Bg5 Ne7 6. Bxe7
Qxe7+ 7. Qe2 Be6 8. Nbd2 Nd7 9. g3 O-O 10. Bg2 Rfe8 11. O-O Bf5 12. Qxe7 Rxe7
13. c3 Nf6 14. Rfe1 Rae8 15. Rxe7 Rxe7 16. Re1 c6 17. Rxe7 Bxe7 18. Ne1 Nd7 19.
h3 Bg5 20. f4 Be7 21. g4 Be4 22. Bxe4 dxe4 23. Nxe4 Kf8 24. Nd3 b6 25. Ne5 Nxe5
26. dxe5 Ke8 27. Kf2 Kd7 28. Kf3 h6 29. f5 f6 30. e6+ Kc7 31. Ng3 Kd6 32. Ke4
c5 33. c4 a6 34. a4 Kc6 35. Nh5 Bf8 36. e7 Bxe7 37. Nxg7 Bf8 38. Nh5 Be7 39.
Nf4 Bd8 40. b3 Kd6 41. Nd5 Kc6 42. Kf3 b5 43. axb5+ axb5 44. Kg3 bxc4 45. bxc4
Kd6 46. Kf4 Kd7 47. Ke4 Kd6 48. Nc3 Kc6 49. Nd5 Kd6 50. h4 Kd7 51. Kf4 Ke8 52.
Nc3 Kd7 53. Kf3 Kd6 54. Ne4+ Kc6 55. g5 hxg5 56. hxg5 fxg5 57. Kg4 Be7 58. f6
Bf8 59. Kxg5 Kd7 60. Kf5 Bh6 61. Nxc5+ Ke8 62. Ke6 Bf8 63. Nb7 Bh6 64. c5 1-0

[Event "SR 3. liga A2 2004/2005"]
[Site "?"]
[Date "2004.??.??"]
[Round "?"]
[White "Sekera, Branislav"]
[Black "Csefalvay, Stefan"]
[Result "0-1"]
[WhiteElo "2120"]
[BlackElo "1905"]
[Annotator "Modranka - Velky Meder"]
[PlyCount "88"]
[EventDate "2004.??.??"]

{65536kB. Pentium} 1. d4 Nf6 2. Nf3 e6 3. Bg5 d5 4. e3 Be7 5. Bd3 Nbd7 6. O-O
O-O 7. Nbd2 c5 8. c3 b6 9. Qe2 Bb7 10. Rac1 Ne4 11. Bxe7 Qxe7 12. Bb1 Nxd2 13.
Qxd2 e5 14. Qc2 e4 15. Nd2 cxd4 16. exd4 g6 17. Rfe1 Qg5 18. Rcd1 Nf6 19. f3
Rae8 20. Qc1 e3 21. Nf1 Nh5 22. Nxe3 Nf4 23. g3 Ba6 24. c4 dxc4 25. Kh1 Nh3 26.
Ng4 Rxe1+ 27. Rxe1 Qxc1 28. Rxc1 f5 29. Ne5 Rd8 30. Kg2 Ng5 31. h4 Ne6 32. Nc6
Rd7 33. d5 Nc5 34. h5 Kg7 35. b4 cxb3 36. axb3 Rxd5 37. b4 Rd2+ 38. Kh3 Nd3 39.
Bxd3 Rxd3 40. Ne5 Rd2 41. Rc7+ Kf6 42. Nd7+ Kg5 43. f4+ Kh6 44. Rc1 Rxd7 0-1

[Event "SR 3. liga A2 2004/2005"]
[Site "?"]
[Date "2004.??.??"]
[Round "?"]
[White "Vizvari, Ludovit"]
[Black "Sturdik, Igor"]
[Result "1-0"]
[WhiteElo "1795"]
[BlackElo "1925"]
[Annotator "Modranka - Velky Meder"]
[PlyCount "75"]
[EventDate "2004.??.??"]

{65536kB. Pentium} 1. d4 Nf6 2. c4 c5 3. d5 e6 4. Nc3 exd5 5. cxd5 d6 6. e4 g6
7. Bf4 Bg7 8. Nf3 O-O 9. Bd3 Bg4 10. h3 Bxf3 11. Qxf3 a6 12. a4 Qc7 13. O-O
Nbd7 14. Qe2 Rfe8 15. Qc2 Rab8 16. Rab1 c4 17. Be2 b5 18. axb5 axb5 19. b4 Ne5
20. Be3 Nfd7 21. f3 h6 22. Ra1 Nd3 23. Ra7 Qc8 24. Rb1 Kh7 25. Ra5 Bxc3 26.
Qxc3 Qd8 27. Bxd3 cxd3 28. Qxd3 Ne5 29. Qd4 Nc4 30. Ra7 Rf8 31. Bc1 Qb6 32.
Qxb6 Rxb6 33. Rba1 Kg7 34. Rd7 Rc8 35. Raa7 Ne5 36. Bb2 Kg8 37. Bxe5 dxe5 38.
Rdb7 1-0

[Event "SR 3. liga A2 2004/2005"]
[Site "?"]
[Date "2004.??.??"]
[Round "?"]
[White "Kohoutek, Pavol"]
[Black "Ivan, Imrich st"]
[Result "1-0"]
[WhiteElo "1785"]
[BlackElo "2075"]
[Annotator "Modranka - Velky Meder"]
[PlyCount "61"]
[EventDate "2004.??.??"]

{65536kB. Pentium} 1. e4 e6 2. d4 d5 3. Nd2 dxe4 4. Nxe4 Nd7 5. Nf3 Ngf6 6. Bd3
Be7 7. Be3 Nxe4 8. Bxe4 Nf6 9. Bd3 Nd5 10. Bd2 O-O 11. c3 Bf6 12. Qc2 h6 13.
O-O-O Qd6 14. g4 Nf4 15. Be4 Nh3 16. Be3 c6 17. Qd2 g5 18. Bb1 Kg7 19. Qc2 Rh8
20. Ne5 Qe7 21. Qe4 h5 22. f3 Bd7 23. Rdf1 Bxe5 24. dxe5 b6 25. f4 gxf4 26.
Bxf4 hxg4 27. Bd2 Qh4 28. Rf6 Nf2 29. Qd4 Nxh1 30. Qxd7 Rhf8 31. Rg6+ 1-0

[Event "SR 3. liga A2 2004/2005"]
[Site "?"]
[Date "2004.??.??"]
[Round "?"]
[White "Vegh, Vince"]
[Black "Mackovic, Miroslav"]
[Result "1/2-1/2"]
[WhiteElo "1670"]
[BlackElo "1930"]
[Annotator "Modranka - Velky Meder"]
[PlyCount "59"]
[EventDate "2004.??.??"]

{65536kB. Pentium} 1. e4 c6 2. d4 d5 3. Nc3 dxe4 4. Nxe4 Nd7 5. Nf3 Ngf6 6. Nc3
e6 7. Bg5 Qb6 8. Rb1 Qc7 9. g3 Bb4 10. a3 Be7 11. Bg2 O-O 12. O-O b5 13. Re1
Bb7 14. d5 cxd5 15. Nxb5 Qb6 16. Nc3 Rfe8 17. Be3 Qd8 18. Bd4 a6 19. Qd3 Bd6
20. Ne5 Nxe5 21. Bxe5 Ng4 22. Bxd6 Qxd6 23. h3 Nf6 24. Ne4 Nxe4 25. Bxe4 f5 26.
Bg2 Rac8 27. c3 g6 28. Rbd1 Qc7 29. Rd2 Rcd8 30. f4 1/2-1/2

[Event "SR 3. liga A2 2004/2005"]
[Site "?"]
[Date "2004.??.??"]
[Round "?"]
[White "Horak, Ivan"]
[Black "Sulek, Viliam"]
[Result "1-0"]
[WhiteElo "2175"]
[BlackElo "2160"]
[Annotator "Gbely - Gabcikovo"]
[PlyCount "147"]
[EventDate "2004.??.??"]

1. e4 c5 2. Nc3 Nc6 3. f4 g6 4. Nf3 Bg7 5. Bb5 Nd4 6. O-O Nxb5 7. Nxb5 a6 8.
Nc3 e6 9. e5 d5 10. a4 Ne7 11. d3 O-O 12. Qe1 Bd7 13. Bd2 Bc6 14. g4 d4 15. Ne4
Bxe4 16. Qxe4 Qd5 17. Qe1 Nc6 18. Ng5 h6 19. Ne4 f5 20. exf6 Bxf6 21. Qg3 Bg7
22. h3 Nb4 23. Bxb4 cxb4 24. Rae1 Rac8 25. Re2 Rc6 26. Qg2 Qd8 27. Rff2 Qc7 28.
Qg3 b5 29. axb5 axb5 30. h4 Ra8 31. h5 Ra1+ 32. Kg2 gxh5 33. gxh5 Qf7 34. Qf3
Rca6 35. f5 Rb1 36. fxe6 Qxf3+ 37. Rxf3 Rxe6 38. Rf1 Rxb2 39. Rf5 Rc6 40. Rc5
Rxc5 41. Nxc5 Ra2 42. Kf3 Ra1 43. Rg2 Kf7 44. Ne4 Rf1+ 45. Kg4 Ke6 46. Ng3 Rc1
47. Nf5 Kf7 48. Nxg7 Kxg7 49. Kf5+ Kf7 50. Rg6 Rxc2 51. Rxh6 Rc5+ 52. Ke4 Rc3
53. Rb6 Rb3 54. Kxd4 Rb1 55. Rxb5 b3 56. Kc3 b2 57. Rxb2 Rc1+ 58. Kd4 Rh1 59.
Rb7+ Ke6 60. Rb6+ Kd7 61. h6 Rh4+ 62. Kc5 Rh5+ 63. Kc4 Kc7 64. Rg6 Rh4+ 65. d4
Rh1 66. Kc5 Rc1+ 67. Kd5 Rh1 68. Rg7+ Kb6 69. Rg6+ Kb5 70. Ke6 Kc4 71. Kf7 Kxd4
72. Kg7 Ke5 73. h7 Kf5 74. Rg2 1-0

[Event "SR 3. liga A2 2004/2005"]
[Site "?"]
[Date "2004.??.??"]
[Round "?"]
[White "Janko, Ladislav"]
[Black "Pribila, Michal"]
[Result "1/2-1/2"]
[WhiteElo "2200"]
[BlackElo "2055"]
[Annotator "Gbely - Gabeikovo"]
[PlyCount "132"]
[EventDate "2004.??.??"]

{65536kB. Pentium} 1. e4 c5 2. Nf3 d6 3. d4 cxd4 4. Nxd4 Nf6 5. Nc3 a6 6. g3 g6
7. Bg2 Bg7 8. O-O O-O 9. h3 Nbd7 10. Be3 Qc7 11. Qe2 e5 12. Nb3 Nb6 13. Rad1
Nc4 14. Bc1 Be6 15. Rfe1 Rfd8 16. Nd2 b5 17. Nd5 Bxd5 18. exd5 Nb6 19. Nf1 Rac8
20. c3 Qc4 21. Qxc4 Nxc4 22. b3 Nb6 23. Be3 Nfd7 24. Rc1 f5 25. Nd2 e4 26. c4
bxc4 27. bxc4 Na4 28. f3 Ne5 29. fxe4 Nd3 30. exf5 Nxe1 31. Rxe1 gxf5 32. Bf1
Re8 33. Kf2 Nc3 34. Bd3 Ne4+ 35. Nxe4 fxe4 36. Be2 a5 37. c5 dxc5 38. Bg4 Rcd8
39. Be6+ Kh8 40. Bxc5 Bf8 41. Bd4+ Bg7 42. Bxg7+ Kxg7 43. Rxe4 Rd6 44. Ke3 Rb8
45. Kf4 Kf6 46. g4 h6 47. h4 Rb4 48. g5+ hxg5+ 49. hxg5+ Kg6 50. Rxb4 axb4 51.
Ke5 Rd8 52. d6 Kxg5 53. Bb3 Re8+ 54. Kd5 Kf6 55. Kc6 Rh8 56. Kc7 Rf8 57. Bd1
Ra8 58. Bb3 Rh8 59. Bd5 Rf8 60. Bc4 Rh8 61. Kc6 Rd8 62. Kd5 Rb8 63. Bb3 Ra8 64.
Kc5 Rb8 65. Bc4 Rd8 66. Kc6 Ke5 1/2-1/2

[Event "SR 3. liga A2 2004/2005"]
[Site "?"]
[Date "2004.??.??"]
[Round "?"]
[White "Vach, Jozef"]
[Black "Puobis, Jozef"]
[Result "1/2-1/2"]
[WhiteElo "2035"]
[BlackElo "2060"]
[Annotator "Gbely - Gabeikovo"]
[PlyCount "26"]
[EventDate "2004.??.??"]

1. d4 d5 2. c4 e6 3. Nc3 Nf6 4. Bg5 Nbd7 5. e3 c6 6. Nf3 Qa5 7. Bxf6 Nxf6 8.
cxd5 exd5 9. Bd3 Bg4 10. Qc2 Bxf3 11. gxf3 Bb4 12. a3 Bxc3+ 13. Qxc3 Qxc3+ $11
1/2-1/2

[Event "SR 3. liga A2 2004/2005"]
[Site "?"]
[Date "2004.??.??"]
[Round "?"]
[White "Kosar, Mikulas ml"]
[Black "Pribila, Gerhard"]
[Result "0-1"]
[WhiteElo "2005"]
[BlackElo "1715"]
[Annotator "Gbely - Gabeikovo"]
[PlyCount "84"]
[EventDate "2004.??.??"]

1. e4 c5 2. Nf3 d6 3. d4 cxd4 4. Nxd4 Nf6 5. Nc3 g6 6. Bc4 Bg7 7. O-O O-O 8. h3
a6 9. a4 Nxe4 10. Bxf7+ Rxf7 11. Nxe4 Nc6 12. Nf3 d5 13. Ng3 e5 14. c3 Bf6 15.
Qc2 e4 16. Nh2 Be5 17. Be3 Qc7 18. Qd2 Be6 19. Ng4 Bxg4 20. hxg4 Rd8 21. Bg5
Rdd7 22. Bh6 Na5 23. Rad1 Nc4 24. Qe2 Qb6 25. Nxe4 Qxb2 26. Qxb2 Nxb2 27. Nc5
Nxd1 28. Nxd7 Rxd7 29. Rxd1 Bxc3 30. Rd3 Bg7 31. Bf4 d4 32. g3 Kf7 33. Kg2 Ke6
34. Bd2 Kd5 35. f3 Kc4 36. Ra3 b5 37. Ra1 Kb3 38. axb5 axb5 39. Re1 d3 40. Kf1
Bc3 41. Bxc3 Kxc3 42. Rc1+ Kb2 0-1

[Event "SR 3. liga A2 2004/2005"]
[Site "?"]
[Date "2004.??.??"]
[Round "?"]
[White "Jozefovic, Milan"]
[Black "Czikhardt, Tibor"]
[Result "1-0"]
[WhiteElo "1730"]
[BlackElo "2020"]
[Annotator "Gbely - Gabeikovo"]
[PlyCount "130"]
[EventDate "2004.??.??"]

1. e4 e6 2. d4 d5 3. e5 c5 4. Nf3 cxd4 5. Nxd4 Nc6 6. Bb5 Bd7 7. Nxc6 bxc6 8.
Bd3 Qc7 9. Qe2 c5 10. Bb5 Ne7 11. O-O Nc6 12. f4 c4 13. Bxc6 Bxc6 14. Be3 Be7
15. Nd2 Rb8 16. Bd4 Ba4 17. Nf3 c3 18. Rfb1 Rxb2 19. Rxb2 cxb2 20. Bxb2 O-O 21.
Bd4 a5 22. c3 Rb8 23. h3 Ba3 24. Qd3 Rb2 25. c4 Bc5 26. cxd5 exd5 27. Kh2 Rb4
28. Rc1 Bb5 29. Rxc5 Qxc5 30. Bxc5 Bxd3 31. Bxb4 axb4 32. Nd4 Bb1 33. Nc6 Bxa2
34. Nxb4 Bc4 35. Nc2 Kf8 36. Kg3 Ke7 37. Kf3 f6 38. Nd4 fxe5 39. fxe5 Bd3 40.
g3 Be4+ 41. Ke3 g5 42. Ne2 Ke6 43. Kd4 h5 44. Nc3 Bf3 45. Nb5 Kd7 46. Ke3 Bg2
47. h4 gxh4 48. gxh4 Ke6 49. Kf4 Ke7 50. Nd4 Bh3 51. Kg5 Bg4 52. Kf4 Bd1 53.
Kg5 Bg4 54. Nc6+ Kd7 55. Nd4 Ke7 {3xopak.poz!cia} 56. Kg6 Bd1 57. Kf5 Bg4+ 58.
Kf4 Bd1 59. Ke3 Bg4 60. Nc6+ Kd7 61. Nb4 Ke6 62. Kd4 Bf3 63. Nd3 Kf5 64. Nc5
Bg2 65. e6 Kf6 {
Dalej sa p!se:66.Jc7??,Se4 67.Jxd5,Sxd5 68. Kxd5,Ke7 69.Ke5,Ke8 70.Kf6,Kf8} 1-0

[Event "SR 3. liga A2 2004/2005"]
[Site "?"]
[Date "2004.??.??"]
[Round "?"]
[White "Kosar, Mikulas st"]
[Black "Zajicek, Ferdinand"]
[Result "1/2-1/2"]
[WhiteElo "2075"]
[BlackElo "1725"]
[Annotator "Gbely - Gabeikovo"]
[PlyCount "56"]
[EventDate "2004.??.??"]

1. e4 e5 2. Nf3 Nc6 3. Bb5 d6 4. d3 Bd7 5. Bg5 Be7 6. Bxe7 Ngxe7 7. h3 a6 8.
Bc4 Be6 9. Bxe6 fxe6 10. O-O O-O 11. Ng5 Rf6 12. Nd2 h6 13. Ngf3 Ng6 14. g3 Qf8
15. Nh2 Nge7 16. c3 Ng6 17. Ng4 Rf7 18. Kg2 Qe7 19. h4 Raf8 20. h5 Nh8 21. f3
Qg5 22. Rh1 Nb8 23. Qe2 Nd7 24. Rh3 Nf6 25. Nxf6+ Qxf6 26. Rah1 Qe7 27. g4 Qg5
28. Kf2 Rf4 1/2-1/2

[Event "SR 3. liga A2 2004/2005"]
[Site "?"]
[Date "2004.??.??"]
[Round "?"]
[White "Papanek, Lubomir"]
[Black "Kubica, Adrian"]
[Result "1-0"]
[WhiteElo "1655"]
[BlackElo "1950"]
[Annotator "Gbely - Gabeikovo"]
[PlyCount "119"]
[EventDate "2004.??.??"]

1. e4 e5 2. Nf3 Nf6 3. Nxe5 d6 4. Nf3 Nxe4 5. Qe2 Qe7 6. d3 Nf6 7. Bg5 Qxe2+ 8.
Bxe2 Be7 9. Nc3 Bd7 10. Nd4 a6 11. Bf3 Nc6 12. Nxc6 Bxc6 13. Bxc6+ bxc6 14. O-O
h6 15. Bh4 Rb8 16. Rab1 g5 17. Bg3 Kd7 18. f3 Nh5 19. Bf2 Rbe8 20. Ne4 f5 21.
Ng3 Ng7 22. Bd4 Bf8 23. Bxg7 Bxg7 24. Nxf5 Bf6 25. c3 Re5 26. Ng3 h5 27. Rfe1
h4 28. Ne4 Bd8 29. d4 Re6 30. Nd2 Rhe8 31. Rxe6 Rxe6 32. Kf2 Ke7 33. Re1 Rxe1
34. Kxe1 Ke6 35. g4 Kd5 36. h3 c5 37. dxc5 Kxc5 38. Ke2 Kd5 39. Ke3 Ke5 40.
Nc4+ Kd5 41. Kd3 c6 42. a4 c5 43. b4 cxb4 44. cxb4 Bc7 45. f4 gxf4 46. Nd2 Bd8
47. Nf3 Bf6 48. g5 Be7 49. g6 Bf6 50. Nxh4 Ke6 51. Nf3 d5 52. b5 axb5 53. axb5
Bd8 54. h4 Kf6 55. h5 Kg7 56. Kd4 Bc7 57. Kxd5 Ba5 58. Ke6 Bc7 59. Kf5 Bb8 60.
b6 1-0

[Event "SR 3. liga A2 2004/2005"]
[Site "?"]
[Date "2004.??.??"]
[Round "?"]
[White "Gajarsky, Roman"]
[Black "Godula, Martin"]
[Result "1/2-1/2"]
[WhiteElo "2025"]
[BlackElo "2110"]
[Annotator "Hlohovec jun. - Piestany B"]
[PlyCount "33"]
[EventDate "2004.??.??"]

1. e4 c5 2. c4 Nc6 3. f4 g6 4. d3 Bg7 5. Nf3 d6 6. Nc3 e6 7. Be3 Nge7 8. Be2
O-O 9. O-O Nd4 10. Qd2 Nec6 11. Nb5 Nxe2+ 12. Qxe2 a6 13. Nc3 Qa5 14. Qd2 Nd4
15. Rab1 Bd7 16. a3 b5 17. e5 $11 1/2-1/2